CIVIL PROCEDURE CODE (Record no. 8100)

MARC details
000 -LEADER
fixed length control field 00420nam a22001817a 4500
005 - DATE AND TIME OF LATEST TRANSACTION
control field 20230111130600.0
008 - FIXED-LENGTH DATA ELEMENTS--GENERAL INFORMATION
fixed length control field 221219b |||||||| |||| 00| 0 eng d
020 ## - INTERNATIONAL STANDARD BOOK NUMBER
ISBN 9789351452256
041 ## - LANGUAGE CODE
Language code of text/sound track or separate title eng
082 ## - DEWEY DECIMAL CLASSIFICATION NUMBER
Classification number 345.7 TAK-C
100 ## - MAIN ENTRY--AUTHOR NAME
Personal name TAKWANI ,C K.
245 ## - TITLE STATEMENT
Title CIVIL PROCEDURE CODE
250 ## - EDITION STATEMENT
Edition statement 9th ed.
260 ## - PUBLICATION, DISTRIBUTION, ETC. (IMPRINT)
Name of publisher EBC EXPLORER
Year of publication 2022
300 ## - PHYSICAL DESCRIPTION
Number of Pages 889;P,
650 ## - SUBJECT ADDED ENTRY--TOPICAL TERM
Topical Term LAW
942 ## - ADDED ENTRY ELEMENTS (KOHA)
Koha item type Books
Holdings
Lost status Damaged status Home library Current library Shelving location Date acquired Source of acquisition Cost, normal purchase price Full call number Accession Number Koha item type Collection code
    JRU Library JRU Library SHELF- 67 B 21/10/2022 LOHIA BOOK INTERNATIONAL 995.00 345.7-TAK-C 27043 Books  
    JRU Library JRU Library SHELF-29-B 21/10/2022 LOHIA BOOK INTERNATIONAL 995.00 345.7-TAK-C 27044 Books LAW
    JRU Library JRU Library SHELF-29-B 21/10/2022 LOHIA BOOK INTERNATIONAL 995.00 345.7-TAK-C 27045 Books LAW